| 000 | 00537nam a2200181Ia 4500 | ||
|---|---|---|---|
| 005 | 20250508162512.0 | ||
| 008 | 008 250505s9999 xx 000 0 hin d | ||
| 037 | _aTextual | ||
| 040 |
_aFEDL _beng _cFEDL |
||
| 041 |
_ahin _2eng |
||
| 084 |
_a891.42, KHA _qFEDL |
||
| 100 |
_aMuhammad Izrail Kha _9773304 |
||
| 245 | 0 | _aSanskrit sahitya mein sarswati ke katipay jhankiya | |
| 260 |
_aGhaziabad, India _bCrescent Publishing House _c1985 |
||
| 300 | _a125p. | ||
| 942 |
_cTEXL _h891.42, KHA |
||
| 999 |
_c1376952 _d1376952 |
||